[Event "30/move"]
[Site "?"]
[Date "2006.03.31"]
[Round "10"]
[White "Mephisto Modena"]
[Black "Mephisto Milano Pro"]
[Result "0-1"]
[WhiteElo "1983"]
[BlackElo "2124"]
[PlyCount "172"]
[EventDate "2006.03.31"]
[EventType "tourn (rapid)"]
[EventRounds "20"]
[EventCountry "NED"]
[SourceDate "2006.03.12"]

1. e4 e5 2. Nf3 Nf6 3. d4 exd4 4. e5 Ne4 5. Qxd4 d5 6. exd6 Nxd6 7. Qf4 {
Modena verlässt Buch} Nc6 8. Bd3 {Modena zurück im Buch} g6 9. O-O Bg7 10. Re1+
Be6 11. Ng5 {Modena letzter Buchzug} O-O {Milano Pro letzter Buchzug} 12. Nxe6
fxe6 13. Qg4 Qd7 14. Qxe6+ Qxe6 15. Rxe6 Bd4 16. Nc3 Bxf2+ 17. Kh1 Nb4 $146 ({
RR} 17... Nd4 18. Re7 Bh4 19. Rxc7 Nxc2 20. Rb1 Nb4 21. Be2 Rf7 22. Rxf7 Nxf7
23. Bf3 Re8 24. g3 Re1+ 25. Kg2 Bf6 26. Bd2 Rxb1 27. Nxb1 Nd3 28. Bxb7 Bxb2 {
1/2-1/2 Goeth,J-Urbanec,M/Prague 1964/EXT 98}) 18. Bh6 Rfe8 19. Rxe8+ Rxe8 20.
Rf1 Nxd3 21. cxd3 Be3 22. Bxe3 Rxe3 23. Nd5 Rxd3 24. Nxc7 Rd2 25. Ne6 h6 26. g4
Nf7 27. g5 hxg5 28. Rb1 Re2 29. Nd4 Rf2 30. Kg1 Rd2 31. Nb3 Re2 32. Nd4 Re3 33.
Kf2 Rh3 34. Kg2 Rd3 35. Ne6 Rd6 36. Nc5 Rd2+ 37. Kh1 Ne5 38. Nb3 Rf2 39. Kg1
Re2 40. Nd4 Rd2 41. Re1 Nf7 42. Nb5 Rxb2 43. Nxa7 Rxa2 44. Nc8 b5 45. Re6 Kg7
46. Ne7 Nh8 47. Nc6 Rb2 48. Kh1 Nf7 49. Ne7 Nd8 50. Rb6 b4 51. Rd6 Kf7 52. Nxg6
Ne6 53. Ne5+ Kf6 54. Nc4 Rc2 55. Ne3 Re2 56. Nc4 b3 57. Rb6 Rc2 58. Ne3 Rc1+
59. Kg2 Rb1 60. Kh3 Ke5 61. Nc4+ Kf5 62. Kg3 Nd4 63. Nd6+ Ke6 64. Ne4+ Kd5 65.
Nxg5 b2 66. Kh4 Kc4 67. h3 Kc3 68. Ne6 Nxe6 69. Rxe6 Rf1 70. Rc6+ Kd4 71. Rb6
b1=Q 72. Rxb1 Rxb1 73. Kg4 Ke4 74. Kg3 {Modena gibt auf} Kf5 75. Kf2 Rb3 76. h4
Kg4 77. Ke1 Rb2 78. Kd1 Kxh4 79. Ke1 Kg4 80. Kd1 Kf3 81. Kc1 Re2 82. Kd1 Ke3 {
# in 5} 83. Kc1 Kd3 84. Kd1 Re4 85. Kc1 Rb4 86. Kd1 Rb1# {??:?? - 36:22} 0-1

[Event "30/move"]
[Site "?"]
[Date "2006.03.31"]
[Round "11"]
[White "Mephisto Milano Pro"]
[Black "Mephisto Modena"]
[Result "1/2-1/2"]
[WhiteElo "2124"]
[BlackElo "1983"]
[PlyCount "104"]
[EventDate "2006.03.31"]
[EventType "tourn (rapid)"]
[EventRounds "20"]
[EventCountry "NED"]
[SourceDate "2006.03.12"]

1. e4 c6 2. c4 d5 3. exd5 cxd5 4. d4 Nf6 5. Nc3 g6 6. Qb3 Bg7 7. cxd5 O-O 8. g3
Nbd7 9. Bg2 Nb6 10. Nge2 Bf5 11. O-O Qd7 12. a4 ({RR} 12. Rd1 Bh3 13. Bh1 Bg4
14. Re1 Bxe2 15. Rxe2 Rad8 16. Bf4 Nbxd5 17. Nxd5 Nxd5 18. Bxd5 Qxd5 19. Qxd5
Rxd5 20. Rxe7 Bxd4 21. Rxb7 g5 22. Bb8 a6 23. Re1 Rc8 24. Kf1 Rb5 25. Rxb5 axb5
26. Be5 Bb6 {Brodsky,M-Mittelman,G/Rishon Le Ziyyon 1997/CBM 62 ext/1-0}) ({RR
} 12. Re1 Bd3 13. Nf4 Bc4 14. Qb4 Rfe8 15. Qa5 g5 16. b3 Ba6 17. Nh3 h6 18. Ba3
Rad8 19. Bc5 Nbxd5 20. Nxd5 Nxd5 21. Bxa7 Bb5 22. a4 Bc6 23. Rac1 Ra8 24. Qc5
Rec8 25. b4 b6 26. Bxb6 Bb7 {Heinrich,M-Jordan,D/Germany 1999/EXT 2002/1/2-1/2}
) 12... Bd3 13. d6 {Milano Pro letzter Buchzug} exd6 {Modena letzter Buchzug}
14. Qd1 $146 ({RR} 14. a5 Bc4 15. Qb4 Bxe2 16. Nxe2 Nbd5 17. Qb3 Rfe8 18. Nc3
Nxc3 19. bxc3 Rab8 20. Bf4 Nh5 21. Be3 Nf6 22. Rfe1 Qc7 23. h3 Re7 24. Bf4
Rxe1+ 25. Rxe1 Nh5 26. Bd2 Bf8 27. Qb5 b6 28. a6 Ng7 {
Liberzon,V-Gurgenidze,B/Alma-Ata 1968/URS-ch/1-0 (38)}) 14... Bc4 15. b3 Be6
16. Ba3 Rfd8 17. Re1 Nbd5 18. Nb5 Ne8 19. Rc1 a6 20. Nbc3 Nef6 21. Bxd5 Bxd5
22. Nf4 Be6 23. Nxe6 fxe6 24. d5 e5 25. f3 Bh6 26. Rc2 Rac8 27. Qd3 Bg7 28.
Rec1 Rf8 29. Ne4 Nxe4 30. Rxc8 Rxc8 31. Rxc8+ Qxc8 32. fxe4 Qd7 33. Qf3 h5 34.
Kf2 Kh7 35. h3 Qc7 36. Qd3 g5 37. b4 Kg6 38. b5 axb5 39. axb5 g4 40. Kg2 gxh3+
41. Kxh3 Bf6 42. Qf3 Qd7+ 43. g4 Kf7 44. Qf5 hxg4+ 45. Kxg4 Ke8 46. Qe6+ Qxe6+
47. dxe6 Ke7 48. Kf5 Bh4 49. Bc1 Ke8 50. Ba3 Ke7 51. Bc1 Ke8 52. Ba3 Ke7 {
Remis wg. 3-facher Zugwiederholung, 23:09 - ??:??} 1/2-1/2

[Event "30/move"]
[Site "?"]
[Date "2006.03.31"]
[Round "12"]
[White "Mephisto Modena"]
[Black "Mephisto Milano Pro"]
[Result "0-1"]
[WhiteElo "1983"]
[BlackElo "2124"]
[PlyCount "134"]
[EventDate "2006.03.31"]
[EventType "tourn (rapid)"]
[EventRounds "20"]
[EventCountry "NED"]
[SourceDate "2006.03.12"]

1. d4 d5 2. c4 e6 3. Nc3 Nf6 4. Bg5 Be7 5. cxd5 exd5 6. e3 c6 7. Bd3 Nbd7 8.
Qc2 O-O 9. Nf3 Re8 10. O-O {Modena letzter Buchzug} Nf8 {
Milano Pro letzter Buchzug} 11. Ne5 h6 ({RR} 11... N6d7 12. Bxe7 Qxe7 13. Nxd7
Bxd7 14. b4 Be6 15. b5 c5 16. dxc5 Qxc5 17. Ne2 Qxc2 18. Bxc2 Rac8 19. Bb3 Nd7
20. Rfd1 Rc5 21. Nd4 {1/2-1/2 Vaisser,A-Filippov,V/Istanbul 2003/CBM 96}) ({RR
} 11... Be6 12. f4 Nh5 13. Bxe7 Qxe7 14. f5 Bc8 15. Rae1 Qg5 16. Qf2 Nf6 17. h4
Qh6 18. g4 N6d7 19. g5 Qd6 20. Ng4 Nb6 21. e4 Nc4 22. e5 Qb4 23. Nd1 Qa5 24.
Re2 Qd8 25. b3 Na3 26. Qf4 {
Hocevar,N-Dlauchy,P/Budapest  2003/CBM 92 ext/1-0 (31)}) 12. Bf4 $146 ({RR} 12.
Bh4 Ng4 ({RR} 12... Qc7 13. f4 Ng4 14. Bf2 Nxe5 15. fxe5 Be6 16. Bg3 Bg5 17.
Bf4 Qd8 18. Bf5 g6 19. Bxg5 Qxg5 20. Bxe6 Qxe3+ 21. Qf2 Qxf2+ 22. Rxf2 Nxe6 23.
Ne2 c5 24. Nc3 Nxd4 25. Nxd5 Rxe5 26. Nf6+ Kg7 27. Raf1 {
Hartlaub,M-Krueger,I/Bad Neustadt 1990/EXT 2004/0-1 (60)}) 13. Bxe7 ({RR} 13.
Bg3 Bd6 14. Nxg4 Bxg4 15. Bxd6 Qxd6 16. Rab1 Bh5 17. b4 Rec8 18. Rfc1 Bg6 19.
a4 Bxd3 20. Qxd3 Ne6 21. b5 c5 22. dxc5 Rxc5 23. Ne4 Rxc1+ 24. Rxc1 Qe5 25. Nc3
d4 26. exd4 Qxd4 27. Qxd4 Nxd4 {
Rabea Amel,K-Hind,B/Algiers 2000/EXT 2002/0-1 (60)}) 13... Rxe7 14. Nf3 Qd6 15.
h3 Nf6 16. Rab1 a5 17. a3 Bd7 18. Ne5 Be8 19. f4 N6d7 20. Rbe1 f6 21. Nf3 Bf7
22. Nh4 Be6 23. Qf2 Nb6 24. g4 Rd8 25. Ne2 g5 26. Ng2 Rg7 {
Kincs,I-Zilahi,G/Balatonbereny 1993/EXT 97/1-0}) 12... Nh5 13. Ne2 Bd6 14. a3
Nxf4 15. exf4 f6 16. Ng6 Ne6 17. Bf5 a6 18. Rfe1 Nc7 19. Bxc8 Rxc8 20. Rac1 Ne6
21. f5 Ng5 22. Nef4 Qc7 23. Rxe8+ Rxe8 24. Qd2 Qd7 25. Ne6 Nxe6 26. fxe6 Qxe6
27. f3 Kf7 28. Nf4 Qe3+ 29. Qxe3 Rxe3 30. Nh5 Re2 31. b4 Ra2 32. Rc3 Ra1+ 33.
Kf2 Bxh2 34. Ke3 Rd1 35. Nf4 Bg1+ 36. Ke2 Rxd4 37. g3 Bh2 38. Kf2 Rd1 39. Rd3
Bg1+ 40. Ke2 Ra1 41. Kd2 g6 42. Kc2 Bf2 43. Kb2 Re1 44. g4 Be3 45. Nxd5 cxd5
46. Rxd5 Bc1+ 47. Ka2 {Modena gibt auf} Re2+ 48. Kb3 Re3+ 49. Kc2 Bxa3 50. Rd7+
Kf8 51. Rxb7 Rxf3 52. b5 axb5 53. Rxb5 Rf4 54. Rb6 Bc5 55. Rc6 Be7 56. Rc8+ Kf7
57. Rh8 Bf8 58. g5 fxg5 59. Kd3 Kg7 60. Rxf8 Rxf8 61. Kc4 g4 62. Kb5 Rf5+ 63.
Kc6 g3 64. Kd7 g2 65. Kc7 g1=Q {# in 5} 66. Kc8 Qa7 {# in 2} 67. Kd8 Rf8# {
??:?? - 27:29} 0-1

[Event "30/move"]
[Site "?"]
[Date "2006.03.31"]
[Round "13"]
[White "Mephisto Milano Pro"]
[Black "Mephisto Modena"]
[Result "1-0"]
[WhiteElo "2124"]
[BlackElo "1983"]
[PlyCount "95"]
[EventDate "2006.03.31"]
[EventType "tourn (rapid)"]
[EventRounds "20"]
[EventCountry "NED"]
[SourceDate "2006.03.12"]

1. e4 e5 2. Nf3 Nc6 3. Bc4 Bc5 4. d3 Nf6 5. Nc3 d6 6. Be3 Bxe3 7. fxe3 Na5 ({RR
} 7... Be6 8. Bb3 O-O 9. O-O Bxb3 10. axb3 d5 11. exd5 Nxd5 12. Nxd5 Qxd5 {
1/2-1/2 Morovic Fernandez,I-Leko,P/Yopal 1997/CBM 60}) 8. Bb3 O-O 9. O-O {
Milano Pro letzter Buchzug} c6 {Modena letzter Buchzug} ({RR} 9... Nxb3 10.
axb3 Re8 11. Qd2 Qd7 12. Nd5 Nxd5 13. exd5 Qg4 14. e4 h6 15. Qf2 a6 16. Rae1 f5
17. h3 Qh5 18. exf5 Qxf5 19. Nh4 Qxf2+ 20. Rxf2 Bd7 21. Re4 Rf8 22. Rc4 Rxf2
23. Kxf2 Rc8 24. Re4 {Blanc,P-Jurich,F/Buenos Aires 2003/EXT 2004/0-1 (33)})
10. Nd2 $146 ({RR} 10. Qe1 Ng4 ({RR} 10... Nxb3 11. axb3 Ne8 12. Qg3 g6 13. Ng5
f6 14. Nf3 Ng7 15. Qh4 Be6 16. Qh6 a5 17. h3 b5 18. g4 Qb6 19. Rf2 Ra7 20. Raf1
Raf7 21. Nd1 a4 22. bxa4 bxa4 23. Rg2 c5 24. c4 Qb3 25. Rd2 {
Mason,J-Steinitz,W/Vienna 1882/EXT 2002/1/2-1/2 (74)}) ({RR} 10... b5 11. Nh4
Ng4 12. h3 Nxb3 13. axb3 Nxe3 14. Qxe3 Qxh4 15. Rxa7 Rxa7 16. Qxa7 b4 17. Nd1
c5 18. Ne3 Qg5 19. Rf3 Be6 20. Qc7 Qd8 21. Qxd8 Rxd8 22. g4 Ra8 23. Rf1 Ra2 24.
Rb1 Kf8 25. Kf2 {Halprin,A-Chigorin,M/Vienna 1898/HCL/0-1 (66)}) 11. h3 Nh6 12.
g4 Nxb3 13. axb3 f6 14. Qg3 Nf7 15. Rf2 Be6 16. Raf1 b5 17. Nh4 b4 18. Nd1 d5
19. exd5 cxd5 20. Nf3 Qd7 21. Kh2 e4 22. dxe4 dxe4 23. Nd4 Rfe8 24. Rf4 Bd5 {
Blackburne,J-Chigorin,M/Vienna 1898/HCL/1/2-1/2 (72)}) 10... Bg4 11. Qe1 Nxb3
12. axb3 Be6 13. Nf3 Re8 14. Ng5 Bd7 15. Qg3 a6 16. d4 b5 17. Rad1 Qe7 18. dxe5
Qxe5 19. Qxe5 Rxe5 20. Rxd6 Rxg5 21. Rfxf6 b4 22. Rxd7 gxf6 23. Ne2 Kf8 24. Nd4
Rc5 25. Kf2 a5 26. Kf3 Ke8 27. Rc7 Ra6 28. h3 h5 29. g3 Kf8 30. Kf2 Re5 31. c4
bxc3 32. bxc3 Rc5 33. Nf5 Kg8 34. Nh6+ Kh7 35. Nxf7 Rxc3 36. Ne5+ Kh6 37. Nf3
Rxb3 38. Nd4 Rb2+ 39. Kf3 Rb5 40. Kf4 a4 41. Ne6 Rb2 42. Kf3 a3 43. Nf8 f5 44.
e5 {# in 5} Rf2+ 45. Kxf2 Ra7 46. Rxa7 f4 47. exf4 a2 {Modena gibt auf} 48.
Rh7# {20:08 - ??:??} 1-0

[Event "30/move"]
[Site "?"]
[Date "2006.03.31"]
[Round "14"]
[White "Mephisto Modena"]
[Black "Mephisto Milano Pro"]
[Result "0-1"]
[WhiteElo "1983"]
[BlackElo "2124"]
[PlyCount "68"]
[EventDate "2006.03.31"]
[EventType "tourn (rapid)"]
[EventRounds "20"]
[EventCountry "NED"]
[SourceDate "2006.03.12"]

1. d4 d5 2. g3 Nf6 3. Nf3 {Modena verlässt Buch} e6 4. Bg2 {
Modena zurück im Buch} c6 {Milano Pro letzter Buchzug} 5. O-O {
Modena letzter Buchzug} Be7 6. Bf4 $146 ({RR} 6. b3 O-O 7. Nbd2 Nbd7 8. Bb2 Re8
9. c4 Bd6 10. Ne5 Qe7 11. a3 Bxe5 12. dxe5 Ng4 13. Nf3 Rd8 14. h3 Nh6 15. cxd5
exd5 16. g4 Kh8 17. Rc1 Ng8 18. Qc2 f6 19. exf6 Ngxf6 20. Nd2 Ne5 {
Schelfhout,W-Factor,S/The Hague 1928/EXT 2002/1/2-1/2 (39)}) ({RR} 6. c4 b6 7.
Nc3 Nbd7 8. Ne5 Bb7 9. e4 dxe4 10. Nxe4 Nxe4 11. Bxe4 Nxe5 12. dxe5 Qc7 13. Qf3
O-O 14. Bf4 Rfd8 15. Rfd1 h6 16. h4 Rab8 17. Qg4 Kf8 18. h5 c5 19. Qf3 Bxe4 20.
Qxe4 Kg8 {Cosma,I-Navrotescu,C/Bucharest 1998/CBM 69/1-0 (58)}) ({RR} 6. Nbd2
O-O 7. Re1 c5 8. c3 Nc6 9. e3 cxd4 10. exd4 b5 11. Ne5 Qc7 12. a3 Bd7 13. Ndf3
h6 14. Bf4 Bd6 15. Nxd7 Qxd7 16. Bxd6 Qxd6 17. Ne5 a5 18. b3 Nd7 19. f4 f5 20.
c4 bxc4 {Vega Gomez,B-Castrillon Otero,J/Ferrol 2002/CBM 89 ext/1/2-1/2 (71)})
({RR} 6. Bd2 Nbd7 7. b3 b6 8. c4 Bb7 9. Nc3 O-O 10. Qc2 Rc8 11. e4 dxe4 12.
Nxe4 c5 13. Nfg5 Bxe4 14. Nxe4 cxd4 15. Rad1 e5 16. Rfe1 Nd5 17. Nd6 Bxd6 18.
Bxd5 Qc7 19. Qf5 Nf6 20. Bg2 Rfe8 {
Ioannides,M-Reissmann,P/Varna 1962/MCD/0-1 (56)}) 6... Nbd7 7. Qd3 O-O 8. a3 b6
9. c4 dxc4 10. Qxc4 Bb7 11. Nc3 a5 12. Rfd1 Nd5 13. Nxd5 exd5 14. Qc2 Re8 15.
Rac1 Bf6 16. a4 Qe7 17. e3 g6 18. Bh3 Bg7 19. Bxd7 Qxd7 20. Ne5 Qe6 21. Kg2 c5
22. Nf3 Rec8 23. Qb3 Ra7 24. Be5 f6 25. Bf4 g5 26. Bxg5 fxg5 27. Nxg5 Qg6 28.
Nf3 Qe4 29. Qxb6 Rf8 30. Qxa7 Qxf3+ 31. Kg1 Bc8 32. Rd2 Bh3 {# in 3} 33. Qf7+
Rxf7 34. dxc5 Qg2# {??:?? - 13:49} 0-1

[Event "30/move"]
[Site "?"]
[Date "2006.03.31"]
[Round "15"]
[White "Mephisto Milano Pro"]
[Black "Mephisto Modena"]
[Result "0-1"]
[WhiteElo "2124"]
[BlackElo "1983"]
[PlyCount "188"]
[EventDate "2006.03.31"]
[EventType "tourn (rapid)"]
[EventRounds "20"]
[EventCountry "NED"]
[SourceDate "2006.03.12"]

1. e4 e5 2. Nc3 Nf6 3. Bc4 Nc6 4. d3 Bb4 5. Nf3 d6 6. O-O Bxc3 7. bxc3 Na5 8.
Bb3 Nxb3 {Modena letzter Buchzug} ({RR} 8... c6 9. h3 h6 10. Re1 O-O 11. d4 Qc7
12. Nh4 Kh7 13. Qf3 Nxb3 14. axb3 d5 15. Ba3 dxe4 16. Rxe4 Nxe4 17. Bxf8 Ng5
18. Qg3 Qd8 19. Bxg7 Kxg7 20. dxe5 Kh8 21. f4 Ne4 22. Qe1 Nxc3 23. f5 {
Gdanski,J-Kogan,A/Biel 1994/CBM 42/1/2-1/2 (32)}) 9. cxb3 {
Milano Pro letzter Buchzug} O-O $146 ({RR} 9... Bg4 10. h3 Bh5 11. Re1 h6 12.
d4 Nd7 13. Qd3 Qf6 14. Nd2 g5 15. Bb2 g4 16. hxg4 Bxg4 17. Qg3 Bh5 18. Qh2 Qg5
19. Bc1 Bg6 20. Nc4 Qf6 21. f3 Qe6 22. Bg5 f6 23. Be3 a6 24. Qg3 {
Comp Chessmaster 6000-Menyhart,T/Debrecen 1999/EXT 2001/0-1 (87)}) ({RR} 9...
c5 10. c4 h6 11. h3 Be6 12. b4 Nd7 13. b5 g5 14. g4 Nf8 15. Ne1 Ng6 16. Ng2 Nf4
17. Nxf4 gxf4 18. Kh2 h5 19. g5 Qxg5 20. Rg1 Qh4 21. Qf1 Ke7 22. Qg2 Rag8 {
0-1 Schwehm,C-Neu,P/Griesheim 2003/EXT 2004}) 10. Bg5 h6 11. Bh4 Bg4 12. a3 Re8
13. Re1 Qe7 14. h3 Bh5 15. a4 Qe6 16. b4 d5 17. exd5 Nxd5 18. Rc1 Nf4 19. Bg3
Qf5 20. Bxf4 Qxf4 21. Re3 Rad8 22. Qc2 Bg6 23. Rce1 f6 24. Qb3+ Bf7 25. Qc2 Qf5
26. Nh4 Qd7 27. Nf3 Bg6 28. Qb3+ Kh7 29. d4 e4 30. Nd2 f5 31. Rg3 Bh5 32. Rge3
a6 33. Qc2 Bf7 34. a5 Qc6 35. Qb2 Kg8 36. Kh1 Kh8 37. R3e2 Kh7 38. Qa3 Kg8 39.
Re3 Bd5 40. g3 Be6 41. Qb2 Bf7 42. Nb3 Bc4 43. Nc5 Kh7 44. Qa1 Rf8 45. Qa4 Qd5
46. Qd1 b6 47. axb6 cxb6 48. Na4 Bb5 49. Nb2 Rc8 50. Qb1 Rfd8 51. Rd1 a5 52.
bxa5 bxa5 53. Qa1 a4 54. Qa3 Qd6 55. Ra1 Qc6 56. Rb1 Ra8 57. c4 Bxc4 58. Qc3
Bd5 59. Qxc6 Bxc6 60. Rc3 Be8 61. Rd1 a3 62. Nc4 a2 63. Ra1 Rxd4 64. Rc2 Ba4
65. Rcc1 Rc8 66. Rxa2 Rdxc4 67. Rca1 Bb3 68. Ra5 Kg6 69. Kg2 Rc2 70. R5a3 R8c3
71. Rb1 Bc4 72. Rb6+ Kh5 73. Rxc3 Rxc3 74. Rb2 g6 75. Rd2 f4 76. Rd4 fxg3 77.
fxg3 e3 78. Rd1 Rc2+ 79. Kg1 Kg5 80. Re1 Be2 81. Kg2 Kf5 82. Kg1 Ke4 83. Ra1
Kf3 84. Ra3 Bc4 85. g4 g5 86. Ra1 Kg3 87. Re1 e2 88. Kh1 Rd2 89. Rg1+ Kf2 90.
Kh2 {# in -5} Bd5 91. Re1 {# in -4} Kxe1 92. h4 Kf2 93. h5 e1=Q 94. Kh3 Qh1# {
44:09 - ??:??} 0-1

[Event "30/move"]
[Site "?"]
[Date "2006.03.31"]
[Round "16"]
[White "Mephisto Modena"]
[Black "Mephisto Milano Pro"]
[Result "0-1"]
[WhiteElo "1983"]
[BlackElo "2124"]
[PlyCount "94"]
[EventDate "2006.03.31"]
[EventType "tourn (rapid)"]
[EventRounds "20"]
[EventCountry "NED"]
[SourceDate "2006.03.12"]

1. e4 c6 2. d4 d5 3. exd5 cxd5 4. Bd3 {Modena letzter Buchzug} g6 {
Milano Pro letzter Buchzug} 5. Ne2 ({RR} 5. c3 Bf5 6. Bxf5 gxf5 7. Nf3 Nc6 8.
O-O e6 9. Re1 Nf6 10. Bg5 Be7 11. Bxf6 Bxf6 12. Nbd2 Qc7 13. a4 O-O 14. Nf1 {
1/2-1/2 Rodriguez Vargas,O-Bellon Lopez,J/Terrassa 1990/CBM 19}) 5... Bg7 6.
Bf4 ({RR} 6. c3 Nc6 7. O-O f5 8. Qb3 Nf6 9. f3 O-O 10. Bf4 h6 11. Nd2 Kh7 12.
Rae1 e6 13. Kh1 Rf7 14. Ng1 Nh5 15. Be3 Bf6 16. Re2 Qc7 17. Nh3 Be7 18. Rfe1
Bd6 19. g3 a6 20. Bf2 Ng7 {Rozic,S-Bizjak,J/Bled 2003/CBM 95 ext/1/2-1/2 (40)})
6... Nf6 $146 ({RR} 6... Nc6 7. c3 a6 8. Nd2 Nf6 9. O-O O-O 10. Bg3 Nh5 11. f4
Nxg3 12. Nxg3 e6 13. Nf3 Qc7 14. Nd2 Bd7 15. Kh1 Rac8 16. Nb3 Na5 17. Ne2 Nc4
18. Qc1 Nd6 19. Qe3 Nc4 20. Qc1 Nd6 {1/2-1/2 Gaier,W-Fillips,J/Germany 1988/GER
}) 7. Nd2 O-O 8. O-O Nc6 9. Re1 Nb4 10. Bb5 Bf5 11. Ba4 Rc8 12. Nc3 Nh5 13. Bg5
Nf6 14. Nf3 Bg4 15. h3 Bh5 16. g4 h6 17. Bxf6 Bxf6 18. gxh5 g5 19. Ne5 Nc6 20.
Qd3 e6 21. Nxc6 bxc6 22. Rad1 c5 23. dxc5 Rxc5 24. Bb3 Bxc3 25. bxc3 Qc7 26.
Re3 Rc8 27. Qd4 Rxc3 28. Rxc3 Qxc3 29. Qxa7 Qxh3 30. Qd4 Qxh5 31. a4 Rc3 32.
Ra1 Rh3 33. Bxd5 exd5 34. Qxd5 Rc3 35. Qd8+ Kh7 36. a5 Qg4+ 37. Kf1 Qe4 38. Qd1
{Modena gibt auf} Rh3 39. f3 Rxf3+ 40. Qxf3 Qxf3+ 41. Kg1 Qe3+ 42. Kg2 Qe4+ 43.
Kh3 g4+ {# in 6} 44. Kg3 Qf3+ {# in 4} 45. Kh2 Qf2+ 46. Kh1 g3 47. c3 Qh2# {
??:?? - 18:55} 0-1

[Event "30/move"]
[Site "?"]
[Date "2006.03.31"]
[Round "17"]
[White "Mephisto Milano Pro"]
[Black "Mephisto Modena"]
[Result "1/2-1/2"]
[WhiteElo "2124"]
[BlackElo "1983"]
[PlyCount "136"]
[EventDate "2006.03.31"]
[EventType "tourn (rapid)"]
[EventRounds "20"]
[EventCountry "NED"]
[SourceDate "2006.03.12"]

1. e4 e5 2. Nf3 Nc6 3. Bc4 Bc5 4. c3 Nf6 5. d3 d6 6. b4 Bb6 7. a4 a5 8. b5 Ne7
9. Qb3 O-O 10. Nbd2 ({RR} 10. Ng5 d5 11. exd5 Nexd5 12. O-O Bf5 13. Nd2 Bg6 14.
Ba3 Re8 15. Rae1 h6 16. Ngf3 Nf4 17. Nxe5 Rxe5 18. Rxe5 Ng4 19. Re7 Nxd3 20.
Bxf7+ Kh8 21. Bxg6 Ndxf2 22. Qf7 Nh3+ 23. Kh1 Nhf2+ 24. Rxf2 Nxf2+ {
Wehmeier,S-Mikhalevski,V/Vlissingen 2000/CBM 77 ext/1/2-1/2}) 10... Ng6 11. O-O
Nf4 $146 {Modena letzter Buchzug} ({RR} 11... Qe7 12. Ba3 Be6 13. Rae1 Bc5 14.
Bb2 Bxc4 15. Qxc4 Rae8 16. Nb3 Bb6 17. Ba3 Qe6 18. Qxe6 fxe6 19. Nfd2 Nf4 20.
d4 exd4 21. cxd4 e5 22. Nc4 Bxd4 23. Nxd4 exd4 24. e5 Ng4 25. f3 Nxe5 26. Nxe5
{Mandery,M-Krutwig,L/Werfen Essen 2002/CBM 89 ext/0-1 (44)}) 12. d4 {
Milano Pro letzter Buchzug} exd4 13. cxd4 d5 14. exd5 N4xd5 15. Re1 Be6 16. Ne4
Nxe4 17. Rxe4 Nf6 18. Bg5 Bxc4 19. Qxc4 Qd5 20. Qxd5 Nxd5 21. Bd2 Nf6 22. Re2
Rfd8 23. Be3 Nd5 24. Rae1 Nc3 25. Rc2 Nd5 26. Kf1 Re8 27. Rcc1 Rad8 28. Bd2 Nb4
29. Rb1 Rxe1+ 30. Rxe1 Nc2 31. Re2 f6 32. Bc3 Nb4 33. h3 Nd5 34. Bb2 Kf7 35.
Nd2 Nf4 36. Re4 Ne6 37. Nc4 Bxd4 38. Bxd4 f5 39. Rh4 Rxd4 40. Rxd4 Nxd4 41.
Nxa5 b6 42. Nc4 Ke6 43. Ke1 Kd5 44. Ne3+ Ke4 45. Kd2 Nb3+ 46. Ke2 Nc5 47. f3+
Ke5 48. Nc4+ Kd4 49. a5 bxa5 50. Nxa5 Ne6 51. Nc6+ Kc4 52. Na7 Kc5 53. Ke3 Kb6
54. Nc8+ Kxb5 55. Ne7 g6 56. h4 Kc5 57. h5 f4+ 58. Ke4 Kd6 59. Ng8 gxh5 60. Nf6
c5 61. Nxh7 Ke7 62. Ke5 Nd4 63. Ng5 h4 64. Ne4 Nc2 65. Nxc5 Ne1 66. Kxf4 Nxg2+
67. Kg4 Ne1 68. Kxh4 Nxf3+ {Remis , da kein Material zum Mattsetzen (wird von
Modena nicht erkannt); 30:44 - ??:??} 1/2-1/2

[Event "30/move"]
[Site "?"]
[Date "2006.03.31"]
[Round "18"]
[White "Mephisto Modena"]
[Black "Mephisto Milano Pro"]
[Result "0-1"]
[WhiteElo "1983"]
[BlackElo "2124"]
[PlyCount "118"]
[EventDate "2006.03.31"]
[EventType "tourn (rapid)"]
[EventRounds "20"]
[EventCountry "NED"]
[SourceDate "2006.03.12"]

1. d4 d5 2. c4 e6 3. Nc3 Nf6 4. Bg5 Be7 5. e3 O-O 6. Bd3 Nbd7 {
Milano Pro letzter Buchzug} ({RR} 6... dxc4 7. Bxc4 c5 ({RR} 7... b6 8. Nge2
Bb7 9. O-O Nbd7 10. Rc1 c5 11. a3 Rc8 12. Bd3 cxd4 13. Nxd4 Ne5 14. Be2 h6 15.
Bh4 Ng6 16. Bg3 {1-0 Asonja,M-Janjic,J/Neum 2003/EXT 2004}) 8. Nf3 Nc6 9. dxc5
Qa5 10. O-O Qxc5 11. Qe2 a6 12. Rac1 Rd8 13. Bd3 Qa5 14. a3 h6 15. Bh4 Qh5 16.
Ne4 Nxe4 17. Bxe7 Nxe7 18. Bxe4 f5 19. Bb1 Nc6 20. Rfd1 Qe8 21. e4 {
Ostermeyer,P-Glienke,M/Hannover 1983/MCL/1-0 (39)}) 7. Nge2 {
Modena letzter Buchzug} b6 8. cxd5 $146 ({RR} 8. O-O Bb7 9. cxd5 ({RR} 9. Ng3
h6 10. Bxf6 Nxf6 11. Nh5 c5 12. Nxf6+ Bxf6 13. dxc5 bxc5 14. Rc1 d4 15. exd4
Bxd4 16. Ne2 Qg5 17. Ng3 f5 18. Qe2 e5 19. Bb1 Rae8 20. Kh1 e4 21. Rce1 f4 22.
Nxe4 Bxe4 23. Bxe4 f3 {Heral,J-Paulsen,L/Vienna 1873/EXT 2002/1-0 (51)}) 9...
Nxd5 10. Bxe7 Qxe7 11. Ng3 N5f6 12. f3 c5 13. Bc2 Rfd8 14. Nce2 Nd5 15. Qd3
N7f6 16. a3 a5 17. e4 Ba6 18. Qd2 Bxe2 19. Qxe2 Nf4 20. Qe3 Qc7 21. e5 N6d5 22.
Qe4 g6 {Anquetin,A-Bajoue,C/Paris 2001/EXT 2002/1-0 (38)}) 8... exd5 9. O-O c5
10. Qc2 h6 11. Bf4 a6 12. a4 Nb8 13. Bxb8 Rxb8 14. Nf4 Qd6 15. g3 Bb7 16. a5
bxa5 17. dxc5 Qxc5 18. Rfc1 Rfc8 19. Bf5 Rc6 20. Nd3 Qb6 21. Ne5 Rc7 22. Rd1
Bd6 23. Nf3 Bc8 24. Bxc8 Rcxc8 25. Qf5 Qxb2 26. Nxd5 Nxd5 27. Qxd5 Bc7 28. Nd4
Rd8 29. Qc4 Qb6 30. Qa2 Qf6 31. Rdc1 Rb7 32. h3 Rdb8 33. Qc4 Rb2 34. Qf1 R8b7
35. Rc6 Qg5 36. Rac1 Bxg3 37. Rc8+ Kh7 38. Qd3+ g6 39. Ne2 Bh4+ 40. Kf1 Qf6 41.
f4 R7b3 42. Qe4 Qe7 43. Qa8 Bf6 44. R1c7 Qe6 45. f5 Qxf5+ 46. Nf4 {
Modena gibt auf} Rb1+ 47. Rc1 Rxe3 48. Rxb1 Qxf4+ 49. Kg1 Rg3+ 50. Qg2 Bd4+ 51.
Kh1 Rxg2 52. Kxg2 Qf2+ 53. Kh1 Be5 54. Rc2 Qxc2 {# in 6} 55. Kg1 Bd4+ 56. Kh1
Qxb1+ 57. Kg2 Qc2+ 58. Kf3 f5 59. Kf4 Qf2# {??:?? - 22:54} 0-1